000 00687nam a2200217 i 4500
001 86508
003 ES-MaACL
005 20250822032136.0
007 t|
008 041213s1960 sp |||| | spa d
080 _a159.922.6
100 1 _aKatz, David.
_967631
245 1 0 _aPsicología de las edades
_b: (del nacer al morir) /
_cDavid Katz ; prólogo de A. Linares Maza ; traducción de Agustín Serrate.
260 _aMadrid :
_bMorata,
_c[1960]
300 _a142 p. ;
_c21 cm.
650 0 7 _aPsicología evolutiva
_2embne
_916563
700 1 _aLinares Maza, A.
_972350
700 1 _aSerrate Torrente, Agustín.
_9105823
852 _aES-MaACL
_jC-19661
999 _c86508
_d86508